00217nam a2200085Ia 450000100070000000500170000700800410002424500460006526000200011164786620250826153710.0250824s9999 xx 000 0 und d 0a Küçük ŞehzadecCahit Zarifoğlu bBEYAN YAYINLARI